Find the Countries of South America Quiz Stats

 Plays Quiz Updated Jul 13, 2016

Challenge
Share
Tweet
Score 0/12 Timer 03:00
38 Plays Today
% Correct
Brazil
95.6%
Chile
92.1%
Argentina
89.9%
Colombia
85.3%
Peru
84.6%
Ecuador
82%
Bolivia
81.6%
Suriname
81.1%
Venezuela
81%
Paraguay
81%
Uruguay
79.1%
Guyana
77%

You're not logged in!

Compare scores with friends on all Sporcle quizzes.
OR
Log In

You Might Also Like...

Show Comments

Extras

Top Quizzes Today


Score Distribution

Your Account Isn't Verified!

In order to create a playlist on Sporcle, you need to verify the email address you used during registration. Go to your Sporcle Settings to finish the process.

Report this User

Report this user for behavior that violates our Community Guidelines.

Details: